International Journal of Periodontic & Restorative Dentistry (Record no. 30403)
[ view plain ]
| 000 -LEADER | |
|---|---|
| fixed length control field | 00248nam a22000977a 4500 |
| 003 - CONTROL NUMBER IDENTIFIER | |
| control field | SGT |
| 245 ## - TITLE STATEMENT | |
| Title | International Journal of Periodontic & Restorative Dentistry |
| 260 ## - PUBLICATION, DISTRIBUTION, ETC. (IMPRINT) | |
| Name of publisher, distributor, etc | Quintessence Publisher |
| Year of Publication | 2021 |
| 300 ## - PAGE DESCRIPTION | |
| No. of Pages | 467,468-924 |
| 942 ## - ADDED ENTRY ELEMENTS (KOHA) | |
| Source of classification or shelving scheme | Dewey Decimal Classification |
| Koha item type | Back Volumes |
| Withdrawn status | Lost status | Source of classification or shelving scheme | Damaged status | Use restrictions | Not for loan | Home library | Current library | Date acquired | Volume Information (Serial or Books or Non-Book Material) | SGTU | Total Checkouts | Accession No. (Barcode) | Date last seen | Bill Date | Koha item type |
|---|---|---|---|---|---|---|---|---|---|---|---|---|---|---|---|
| Dewey Decimal Classification | Restricted Access | Not For Loan | SGT Dental Library | SGT Dental Library | 24/03/2025 | Vol.41 (1-3) | SGTU | PD1341 | 24/03/2025 | 24/03/2025 | Back Volumes | ||||
| Dewey Decimal Classification | Restricted Access | Not For Loan | SGT Dental Library | SGT Dental Library | 24/03/2025 | Vol.41 (4-6) | SGTU | PD1342 | 24/03/2025 | 24/03/2025 | Back Volumes |